000 00770nam a2200193 4500
001 132271
003 ES-MaACL
005 20230906194136.0
007 t|
008 070214s1965 sp r ||||1| spa d
100 1 _aRomero, Enrique.
_999321
245 1 3 _aLa dieta libre limitada (D. L. L.) en la diabetes /
_cdiscurso leído por el Dr... Enrique Romero Velasco en... su recepción pública y contestación de... Enrique Alvarez Romero.
260 _aValladolid :
_bGab. Lafalpoo,
_c1965.
300 _a87 p. ;
_c23 cm.
500 _aPrecede al tít.: Real Academia de Medicina y Cirugía de Valladolid.
700 1 _aAlvarez Romero, Enrique.
_920948
710 2 _aReal Academia de Medicina y Cirugía de Valladolid.
_96330
852 _aES-MaACL
_jC-27195
_bR.56301
999 _c132271
_d132271